[Event "Tata Steel-A 81st"]
[Site "Wijk aan Zee"]
[Date "2019.01.16"]
[Round "5"]
[White "Nepomniachtchi, Ian"]
[Black "Rapport, Richard"]
[Result "1/2-1/2"]
[WhiteElo "2763"]
[BlackElo "2731"]
[Annotator "Howell,David"]
[PlyCount "75"]
[EventDate "2019.01.12"]
[EventType "tourn"]
[EventRounds "13"]
[EventCountry "NED"]
[EventCategory "21"]
[SourceTitle "CBM 188"]
[Source "ChessBase"]
[SourceDate "2018.12.21"]
[SourceVersion "1"]
[SourceVersionDate "2018.12.21"]
[SourceQuality "1"]

1. e4 e5 2. Nf3 Nc6 3. Bb5 a6 4. Ba4 Nf6 5. O-O d6 6. c3 Nxe4 {This is a pet
line of Rapport's. It has a reputation of being slightly dubious, but in this
game Rapport shows that Black's position is full of resources.} (6... Bd7 {
is the most common move, and one which I have successfully played myself.}) 7.
d4 Bd7 8. Re1 Nf6 9. Bxc6 Bxc6 10. dxe5 dxe5 11. Qxd8+ Kxd8 12. Nxe5 Be8 {
The previous moves are all logical and quite forcing. Indeed, this has all
been seen before in a game of Rapport's.} 13. Bg5 h6 14. Bxf6+ {White shatters
Black's pawn structure at the cost of the bishop pair.} gxf6 15. Ng4 Be7 16.
Nd2 $146 {Blitzed out by Nepomniachtchi.} (16. Na3 {was seen in
Friedel-Rapport, Reykjavik 2018.}) 16... Bd7 17. Ne3 Be6 18. Nb3 Kc8 19. Nd4
Bd7 20. Rad1 a5 $1 {Intending to gain space on the queenside while potentially
activating the rook via a6.} 21. Nd5 Bd8 {Black's pieces are very passive, but
this seems to be a purely temporary state of affairs. At this point
Nepomniachtchi sank into thought but failed to come up with a productive plan.
Indeed, engines initially prefer White by a large margin but after deep
analysis they, too, realise that Black's position is simply too solid.} 22. Nb3
(22. Ne7+ Kb8 {leads nowhere for White. For example:} 23. Nb3 Be6 24. Ng6 Rg8
25. Nf4 Bg4 26. Rd4 a4 27. Nc5 Ra5 $1 $11 {and Black's pieces are springing
into life.}) 22... b6 23. Nd4 a4 24. c4 Ra5 25. f4 c6 26. Nc3 Re8 27. Rxe8 Bxe8
28. Kf2 Bd7 29. Rd3 Bc7 30. Kf3 Rc5 {A slightly odd decision. Black's rook is
poorly placed here.} (30... f5 $11) 31. b3 axb3 32. axb3 f5 33. Re3 Kd8 34. Nd1
b5 35. Rd3 (35. Nc3 {would initiate a short tactical skirmish, but with
accurate play Black should be fine:} Ba5 $1 (35... bxc4 $2 36. b4 {traps the
rook.}) 36. Nc2 Be6 $1 (36... Bxc3 37. Rxc3 $14 {would give White hopes of
exploiting a 'good knight vs bad bishop' scenario.}) 37. b4 Rxc4 $1 38. bxa5 b4
39. Nxb4 Rxb4 $11 {and the game should end in a draw.}) 35... bxc4 36. bxc4
Rxc4 37. Ne3 Ra4 $1 {keeping an eye on the f4-pawn.} 38. Nxc6+ {With pawns
limited to one side of the board, there is not much left to play for.
Impressive composure from Rapport, who showed that his pet line is certainly
playable.} 1/2-1/2

[Event "Poikovsky Karpov 10th"]
[Site "Poikovsky"]
[Date "2009.06.03"]
[Round "1"]
[White "Naiditsch, Arkadij"]
[Black "Onischuk, Alexander"]
[Result "1-0"]
[WhiteElo "2700"]
[BlackElo "2684"]
[Annotator "Kritz,L"]
[PlyCount "45"]
[EventDate "2009.06.03"]
[EventType "tourn"]
[EventRounds "9"]
[EventCountry "RUS"]
[EventCategory "18"]
[SourceTitle "CBM 131"]
[Source "ChessBase"]
[SourceDate "2009.07.15"]
[SourceVersion "1"]
[SourceVersionDate "2009.07.15"]
[SourceQuality "1"]

1. e4 e5 2. Nf3 Nc6 3. Bb5 a6 4. Ba4 Nf6 5. O-O d6 {Diese Variante ist ein
relativ seltener Gast in heutiger Turnierpraxis. Ich glaube nicht, dass
Schwarz hier ausgleichen kann.} 6. Bxc6+ $1 {Am besten nimmt man auf c6 sofort,
ohne abzuwarten bis Schwarz Bd7 spielt.} (6. Re1 Bd7 $1 {Wenn es möglich ist,
sollte man Weiß nicht auf c6 nehmen lassen.} (6... Be7 7. Bxc6+ bxc6 8. d4 exd4
9. Nxd4 Bb7 10. Nc3 O-O 11. Qf3 Re8 12. Nf5 $14 {Short - Van Riemsdijk (Sao
Paulo, 2001)}) 7. c3 Be7 8. d4 O-O 9. Nbd2 b5 10. Bb3 a5 11. d5 Nb8 12. a4 c6
13. dxc6 Bxc6 14. axb5 Bxb5 $132 {Navara - Miton (Ustron, 2006)}) ({Keine
selbstständige Bedeutung hat} 6. c3 Bd7 7. Re1 {-> 6.Re1}) 6... bxc6 7. d4 exd4
{Andere Züge sind möglich, aber Weiß hat bessere Perspektiven in allen
Abwicklungen.} (7... Nxe4 8. Re1 f5 (8... d5 9. Nxe5 $16) 9. dxe5 d5 10. c4 Be6
11. Nc3 Bc5 12. Be3 Nxc3 13. bxc3 Bxe3 14. Rxe3 dxc4 15. Nd4 $44 {Adams -
Bellin (Kilkenny, 1997)}) (7... Be7 $5 8. Re1 (8. dxe5 $1 Nxe4 $1 9. Re1 d5 $11
{Schwarz hat keine Probleme.}) 8... exd4 9. Nxd4 Bd7 10. Qf3 O-O 11. Nc3 $14 {
/\Bf4-Rad1 und die weißen Figuren stehen alle sehr aktiv.}) 8. Nxd4 c5 ({Nach} 
8... Bd7 {ist zumindest} 9. Qf3 {eine solide Fortsetzung} (9. c4 c5 10. Nf3 Be7
11. Nc3 O-O 12. h3 Bc6 13. Re1 Nd7 14. Nd5 Bf6 $132 {Bologan - Jakubowski 
(Warsaw, 2006)}) 9... c5 (9... Be7 $2 10. e5 $1 {Eine gut bekannte Falle.} Nd5
(10... dxe5 11. Nxc6 Bxc6 (11... e4 12. Qc3 $16) 12. Qxc6+ Nd7 13. Rd1 Bd6 14.
Nd2 O-O 15. Nc4 $18) 11. exd6 Bxd6 (11... cxd6 12. c4 Nb4 13. a3 c5 14. axb4
cxd4 15. Rd1 O-O 16. Rxd4 $16) 12. Re1+ Kf8 13. Ne6+ Bxe6 14. Rxe6 $16) 10. Nf5
Bxf5 11. Qxf5 $14) 9. Nc6 $5 {Ein origineller Springerabzug. Der Springer
reitet nach a5, wo er die Entwicklung des Läufers c8 nach b7 verhindern wird.
Gleichzeitig bringt Weiß eine leichte Dissonanz in den schwarzen Aufbau, weil
die Dame auf d7 komisch steht. Andere Abzüge wurden auch ausprobiert:} (9. Nf3
Nd7 10. Nc3 g6 11. Nd5 Bg7 12. Bg5 f6 13. Bf4 Bb7 14. Qd3 Bc6 15. a4 O-O $132 {
Meijere - Ernst (Dieren, 1999)}) (9. Nf5 Be6 (9... Nxe4 $142 10. Qd5 Bxf5 11.
Qxf5 Nf6 12. Bh6 $3 Qc8 $1 (12... gxh6 13. Re1+ Be7 14. Qxf6 $18) 13. Re1+ Kd8
14. Qf3 Rb8 $13 {Weiß hat Kompensation, aber es ist nicht klar, wie er voran
kommen will.}) 10. Nc3 g6 11. Re1 $1 Nxe4 12. Nxe4 gxf5 13. Ng5 $40 {Kulaots -
Bentsen (Gausdal, 2006)}) 9... Qd7 10. Na5 Qb5 $6 {Das sieht nicht logisch aus.
Anstatt die Entwicklung zu vollenden, springt Schwarz mit seiner Dame rum.
Besser wäre Be7-0-0} (10... Be7 11. Nc3 O-O 12. Bf4 Qg4 13. Qxg4 Bxg4 14. Nc6
Rfe8 15. Bg5 $14 {Wobei auch hier Schwarz keinen Grund zur Freude hat.}) 11.
Bd2 $146 (11. Nb3 $6 {ist nicht im Sinne der Stellung. Weiß sollte auf
Entwicklung und Initiative spielen, der Springer auf a5 steht gut, weil er die
Felder b7 und c6 unter Kontrolle hält.} Be6 12. Nc3 Qb7 13. Qf3 a5 14. Re1 Be7
15. Nd2 O-O $15 {David - Erturan (Dresden, 2007)}) 11... Bg4 $2 {Wie man bald
sieht, wird der Läufer auf e6 sehr schnell mit dem f-Bauern angegriffen, und
der weiße Angriff bekommt Schwung.} (11... Qxb2 $2 {Das wäre zu viel gewesen.}
12. Nc3 Bg4 (12... Qb6 13. Rb1 Qxa5 (13... Qa7 14. Nc6 $18) 14. Nd5 Qa4 15.
Nxc7+ Kd8 16. Nxa8 $18) 13. f3 Be6 14. Rb1 Qa3 15. Qe1 Be7 (15... Qxa5 16. Nd5
Qxa2 17. Nxc7+ Kd7 18. Nxa8 $18) 16. Nb7 $1 $18 {/\17.Bc1}) (11... Be7 $1 {
wäre der stärkste Zug gewesen.} 12. Bc3 O-O 13. Na3 Qe8 14. Re1 Be6 15. N3c4
$14 {Weiß steht besser, aber die Stellung ist spielbar für Schwarz.}) 12. f3
Be6 13. c4 Qb6 (13... Qxb2 $2 14. Nc3 Qb8 15. Nd5 Qc8 16. Bc3 $16) (13... Bxc4
14. Na3 Bxf1 15. Nxb5 Bxb5 16. Qe1 $1 $18 {/\e5}) 14. Bc3 ({Sehr stark ist auch
} 14. Nc3 $5 c6 (14... Qxa5 15. Nd5 Nxd5 16. Bxa5 Ne3 17. Qa4+ Bd7 18. Qb3 Nxf1
19. Qb7 Rc8 20. Rxf1 $18) 15. Qa4 Bd7 16. Rae1 Be7 17. e5 $18) 14... Be7 15.
Nd2 O-O 16. f4 {Der weiße Angriff ist sehr gefährlich.} Ng4 {Das verliert
forciert, aber die schwarze Lage war schon sehr schwer.} (16... Rfe8 17. f5 Bd7
18. Rf3 Bd8 19. Rg3 $16) 17. f5 $1 Ne3 18. Qh5 Nxf1 19. Rxf1 Bd7 (19... g6 20.
Qh6 $18) 20. f6 Bxf6 21. Rxf6 Rae8 (21... gxf6 22. Bxf6 $18) 22. Qg5 Re7 23.
Re6 ({Nach} 23. Re6 fxe6 24. Qxe7 Rf7 25. Qd8+ Rf8 26. Qxd7 {gewinnt Weiß die
dritte Figur für den Turm.}) 1-0

[Event "Danzhou 3rd"]
[Site "Danzhou"]
[Date "2012.06.05"]
[Round "7"]
[White "Hou, Yifan"]
[Black "Wen, Yang"]
[Result "1/2-1/2"]
[WhiteElo "2623"]
[BlackElo "2550"]
[Annotator "Let's Check"]
[PlyCount "141"]
[EventDate "2012.05.29"]
[EventType "tourn"]
[EventRounds "9"]
[EventCountry "CHN"]
[EventCategory "16"]
[SourceTitle "CBM 149"]
[Source "ChessBase"]
[SourceDate "2012.07.17"]
[SourceVersion "1"]
[SourceVersionDate "2012.07.17"]
[SourceQuality "1"]

1. e4 e5 2. Nf3 Nc6 3. Bb5 a6 4. Ba4 Nf6 5. O-O d6 6. Re1 Bd7 7. c3 g6 8. d4 b5
9. Bb3 Bg7 10. h3 O-O 11. Nbd2 h6 12. Nf1 Re8 13. Ng3 Rb8 14. Be3 Na5 15. dxe5
dxe5 16. Qc1 h5 17. Bh6 Qe7 18. Bxg7 Kxg7 19. Qg5 Kh7 20. Rad1 Nxb3 21. axb3
Rb6 22. b4 Rd6 23. Qe3 Bc6 24. Rd2 Rxd2 25. Nxd2 Qe6 26. Nf3 Qd6 27. Re2 Qe7
28. Rd2 Nd7 29. Rd1 Nf8 30. Ra1 Ra8 31. Ne1 Ne6 32. Nd3 f6 33. Ne2 Qd6 34. f3
Be8 35. Rd1 Rd8 36. Kf1 Qe7 37. Ke1 Kg7 38. Nec1 Bf7 39. Rd2 a5 $6 (39... Rd6
40. Nb3 Qd8 $11) 40. bxa5 $16 Ra8 41. b4 c5 42. Nxc5 Nxc5 43. Qxc5 Qxc5 44.
bxc5 Rxa5 45. c6 Ra1 46. Rd1 Ra3 $2 (46... Be6 47. Nd3 Ra7 $16) 47. Ne2 $2 (47.
c4 bxc4 48. c7 $18) 47... Be6 $14 48. Rb1 Ra6 49. Rxb5 Rxc6 50. Rb7+ Kh6 51. h4
g5 52. hxg5+ Kxg5 53. Rb2 h4 54. Kf2 Bc4 55. Ng1 Be6 56. Rc2 Bb3 57. Rc1 Bc4
58. Nh3+ Kg6 59. Kg1 Be6 60. Nf2 Kg5 61. Nd3 Rd6 62. Nf2 Rc6 63. Nd3 Rd6 64.
Nb4 Rd2 65. Rc2 Rd1+ 66. Kf2 Bc4 67. Ke3 Re1+ 68. Kd2 Rg1 69. Ke3 Re1+ 70. Kd2
Rg1 71. Ke3 1/2-1/2

[Event "ARM-ch 72nd"]
[Site "Yerevan"]
[Date "2012.01.13"]
[Round "3"]
[White "Minasian, Artashes"]
[Black "Melkumyan, Hrant"]
[Result "0-1"]
[WhiteElo "2525"]
[BlackElo "2620"]
[Annotator "Let's Check Training"]
[PlyCount "72"]
[EventDate "2012.01.11"]
[EventType "tourn"]
[EventRounds "11"]
[EventCountry "ARM"]
[EventCategory "13"]
[SourceTitle "CBM 147"]
[Source "ChessBase"]
[SourceDate "2012.03.16"]
[SourceVersion "1"]
[SourceVersionDate "2012.03.16"]
[SourceQuality "1"]

1. e4 e5 2. Nf3 Nc6 3. Bb5 a6 4. Ba4 Nf6 5. d3 d6 6. c3 g6 7. d4 Bd7 8. O-O Bg7
9. Re1 O-O 10. Nbd2 Re8 11. d5 Ne7 12. Bxd7 Nxd7 13. Nc4 h6 14. b4 Rf8 15. a4
f5 16. Nfd2 Nf6 17. f3 h5 18. Nf1 f4 19. Na5 b6 20. Nb3 g5 21. c4 Qd7 22. Qd3
Ng6 23. a5 bxa5 24. Rxa5 Nh4 25. c5 g4 26. c6 Qf7 27. Nbd2 Qg6 28. Re2 Bh6 29.
Kh1 Kh8 30. Rxa6 $2 (30. Ra2 Rab8 31. Qc3 $17) 30... Rxa6 31. Qxa6 gxf3 32.
Nxf3 Nxf3 33. gxf3 Rg8 34. Qa7 {[%tqu "En","","","","f6e4","",10]} Nxe4 $1 35.
fxe4 f3 36. Rc2 f2 0-1

[Event "FIDE World Cup"]
[Site "Tromsoe"]
[Date "2013.08.16"]
[Round "2.3"]
[White "Karjakin, Sergey"]
[Black "Sasikiran, Krishnan"]
[Result "1-0"]
[WhiteElo "2772"]
[BlackElo "2660"]
[Annotator "Pavlovic,M"]
[PlyCount "83"]
[EventDate "2013.08.11"]
[EventType "k.o."]
[EventRounds "7"]
[EventCountry "NOR"]
[SourceTitle "CBM 156"]
[Source "ChessBase"]
[SourceDate "2013.09.17"]
[SourceVersion "1"]
[SourceVersionDate "2013.09.17"]
[SourceQuality "1"]

1. e4 e5 2. Nf3 Nc6 3. Bb5 a6 4. Ba4 d6 5. O-O Bd7 {The Advanced Steinitz line
is not so popular nowadays but remains a solid alternative. Black wants to
avoid massive theory such as exists in other Ruy Lopez variations while
retaining solidity.} ({The traditional old line has been practically abandoned
as too risky:} 5... Bg4 6. h3 h5 7. Bxc6+ $1 bxc6 8. d4 Bxf3 (8... Qf6 9. Nbd2
$1 Be6 10. Nb3 Qg6 11. Ng5 Bd7 12. dxe5 dxe5 13. f4 exf4 14. Bxf4 $16 {1-0 (26)
Shirov,A (2736)-Sokolov,I (2706) Wijk aan Zee NED 2004}) 9. Qxf3 exd4 10. c3
Qf6 (10... dxc3 11. Nxc3 Qd7 12. Be3 Be7 13. Bd4 Bf6 14. e5 Bxe5 15. Rfe1 f6
16. Rad1 O-O-O 17. Bxe5 fxe5 18. Rxe5 $16 {1-0 (26) Bologan,V (2692)-Lavrik,D 
(2439) Moscow RUS 2010}) 11. Qd3 dxc3 (11... g5 12. cxd4 g4 13. d5 Ne7 14. Nc3
c5 15. f4 gxf3 16. Rxf3 Qg6 17. Bf4 $36 {1-0 (32) Inarkiev,E (2683)-Rychkov,O 
(2315) Vladivostok RUS 2012}) 12. Nxc3 Ne7 13. Be3 $5 (13. f4 g6 14. e5 Qf5 15.
Ne4 Bg7 16. exd6 Rd8 17. Rd1 O-O 18. d7 Qd5 19. Qc2 Qf5 $13 {1-0 (51)
Gruenfeld,Y (2445)-Elchanati,A (2149) Kiryat Ono ISR 2013}) 13... Qe6 14. f4
Qd7 15. f5 $36) 6. c3 g6 {Another possible plan for Black is:} (6... Nge7 7. d4
Ng6 8. d5 Nb8 9. c4 Be7 10. Nc3 O-O 11. Bc2 $5 a5 12. Be3 Na6 13. a3 c5 14. Qd2
h6 15. h3 Kh7 16. Rab1 Rg8 17. Bd3 Nf8 18. Nh2 $14 {1-0 (41) Timofeev,A (2658)
-Mastrovasilis,A (2543) Dresden GER 2007}) 7. d4 Bg7 8. Re1 Nf6 {Other plans
adopted by Black in this position are:} (8... Nge7 9. Be3 O-O 10. Nbd2 Qe8 11.
Bb3 Kh8 12. h3 h6 13. Nf1 Na5 14. Bc2 Nc4 15. Bc1 Qd8 16. Ng3 $14 Nb6 17. b3 a5
18. Be3 a4 19. Qd2 Kh7 20. Rad1 {1-0 (62) Karjakin,S (2779)-Andreikin,D (2700)
Astana KAZ 2012; with the usual type of advantage in the Ruy Lopez.}) (8... b5
{preventing ideas used by Karjakin in the actual game} 9. Bb3 Nf6 10. Bg5 h6
11. Bh4 O-O 12. Nbd2 (12. dxe5 $5 Nxe5 13. Nxe5 dxe5 14. Nd2 {I am not sure
about this type of strategy for White, although Mamdeyarov lost both games it
was not due to the opening} Qe7 15. Nf1 Rfd8 (15... Rad8 16. Qe2 c5 17. Bxf6
Qxf6 18. Bd5 h5 19. c4 Bh6 20. Rad1 b4 21. Rd3 Bg4 22. f3 Bc8 23. Nd2 Rd7 24.
Qf2 Rc7 25. Rd1 a5 26. a4 Bd7 27. b3 h4 $1 $13 (27... g5 $6 28. Nf1 $1 $14 {
1-0 (45) Kamsky,G (2714)-Mamedyarov,S (2752) Moscow RUS 2007})) 16. Ne3 Be6 17.
Qc2 c6 18. a4 h5 19. Bg5 Kh7 $1 20. Red1 Bxb3 21. Qxb3 Bh6 22. Bxf6 Qxf6 23.
axb5 axb5 24. Rxa8 Rxa8 25. Nc2 Bf8 26. Ne1 Bc5 27. Nf3 $11 {1-0 (39) Navara,D
(2672)-Mamedyarov,S (2752) Dagomys RUS 2008}) 12... exd4 13. Nxd4 Re8 (13...
Qb8 14. N2f3 Qb7 15. Nxc6 Bxc6 16. e5 dxe5 17. Nxe5 g5 18. Nxc6 Qxc6 19. Bg3
$14 {1-0 (36) Almasi,Z (2669)-Sadvakasov,D (2615) Moscow RUS 2007}) 14. Bd5 $5
(14. Bc2 Qb8 15. Nf1 Qb7 16. f3 Rac8 17. Nxc6 Bxc6 18. Qd2 Nd7 19. Ne3 $14 {
1/2-1/2 (49) Alekseev,E (2634)-Mamedyarov,S (2709) Moscow RUS 2006}) 14... Nxd4
15. Bxa8 Qxa8 16. Bxf6 Bxf6 17. cxd4 Bxd4 18. Qc2 $16) 9. d5 Ne7 (9... Nb8 10.
c4 O-O 11. Nc3 Bg4 12. h3 Bxf3 13. Qxf3 Nbd7 14. Be3 Kh8 15. b4 $16 {1-0 (30)
Lampert,J (2284)-Zude,A (2459) Hofheim GER 2013}) 10. Bxd7+ Nxd7 11. Be3 h6 {
The alternative looks much better to me:} (11... Ng8 $5 {[%cal Gg7h6]} 12. c4
Bh6 13. Qd2 Bxe3 14. Qxe3 Ngf6 15. Nc3 O-O 16. Rac1 Qe7 17. b4 a5 18. a3 axb4
19. axb4 Ra3 $13 {1/2-1/2 (52) Baghdasaryan,V (2229)-Graf,A (2590) Chalkis GRE
2010}) 12. Nfd2 $1 {Like in the King's Indian, but Black doesn't have his
light-squared bishop.} f5 13. f3 Bf6 $5 (13... f4 14. Bf2 g5 15. c4 h5 16. Nc3
Ng6 {I think that Black must play faster, and I will give here one idea that
is by no means forced:} (16... Bh6 $5 17. b4 Rg8 18. c5 g4 19. Kh1 g3 20. Bg1
gxh2 21. Bf2 Nc8 22. Re2 Qg5 23. Qf1 h4 24. Nc4 Nf6 $13) 17. Rc1 Bf8 18. b4 Be7
19. c5 dxc5 20. d6 $5 cxd6 21. Nc4 Nf6 22. Nd5 $36 {1-0 (34) Cheparinov,I 
(2632)-Rogers,I (2526) Hoogeveen NED 2006}) 14. Bf2 O-O 15. c4 Bg5 16. Nc3 b6 (
16... h5 17. b4 Nf6 18. c5 Kh7 19. Nc4 $14) 17. b4 Nf6 18. c5 $14 h5 {Black is
surely not without chances here.} 19. Nc4 (19. exf5 gxf5 20. Nc4 Rb8 21. cxd6
cxd6 22. b5 a5 23. Na4 Nc8 $13) (19. cxd6 cxd6 20. b5 a5 21. Na4 Rb8 22. Rc1
fxe4 23. fxe4 Ng4 $19) 19... Rb8 20. cxd6 cxd6 21. Qb3 (21. b5 a5 22. Na4 Nc8
$13) 21... Kh7 22. b5 a5 23. Na4 fxe4 24. fxe4 Nc8 25. h3 h4 {Now things are
becoming less and less clear.} 26. Qd1 Rb7 $1 (26... Nh5 27. Nd2 Rb7 28. Nf3
Rbf7 {will transpose to the game.}) 27. Nd2 $1 Nh5 28. Nf3 Rbf7 $13 29. Nxg5+
$1 Qxg5 30. Be3 {Still the weakness on b6 and lack of serious counterplay on
the kingside give White chances to exert some pressure.} Nf4 (30... Qg3 31. Qg4
$1 Qxg4 32. hxg4 Nf4 (32... Nf6 33. Rac1 Nxg4 34. Nxb6 $16) 33. Rab1 Rb7 34.
Kh2 Nd3 35. Rf1 $14) 31. Qf3 Qd8 $6 32. Qg4 $1 Kg7 33. Red1 Rh8 34. Rac1 Qe8
35. Rc6 Rhf8 36. Kh2 Rh8 37. Rdc1 Ne7 38. Nxb6 Nxc6 39. dxc6 Qd8 40. Nd5 Nxd5
41. exd5 Rhf8 42. b6 1-0

[Event "Bundesliga 1112"]
[Site "Germany"]
[Date "2011.11.20"]
[Round "5.4"]
[White "Movsesian, Sergei"]
[Black "Bok, Benjamin"]
[Result "0-1"]
[WhiteElo "2715"]
[BlackElo "2488"]
[Annotator "RR"]
[PlyCount "92"]
[EventDate "2011.10.14"]
[EventType "team-tourn"]
[EventRounds "15"]
[EventCountry "GER"]
[SourceTitle "CBM 146"]
[Source "ChessBase"]
[SourceDate "2012.01.18"]
[SourceVersion "1"]
[SourceVersionDate "2012.01.18"]
[SourceQuality "1"]
[WhiteTeam "Baden-Baden"]
[BlackTeam "Remagen"]
[WhiteTeamCountry "GER"]
[BlackTeamCountry "GER"]

1. e4 e5 2. Nf3 Nc6 3. Bb5 a6 4. Ba4 Nf6 5. d3 d6 6. O-O b5 7. Bb3 Na5 8. Bd2
Nxb3 9. axb3 Be7 10. c4 Rb8 11. Qc2 c5 12. Nc3 O-O 13. Ne1 Nh5 14. Nd5 Bg5 15.
Ba5 Qd7 16. g3 Bb7 17. Ng2 Bxd5 18. cxd5 b4 19. Kh1 Bh6 20. f4 exf4 21. gxf4 f5
22. e5 dxe5 23. fxe5 f4 24. e6 Qxd5 25. Qc4 Qxc4 26. bxc4 Bg5 27. Rf3 Rbc8 28.
Re1 Be7 29. Re5 g5 30. h4 h6 31. hxg5 hxg5 32. Nh4 Bf6 33. Rd5 Ng3+ 34. Rxg3
fxg3 35. Nf5 Rce8 36. Rxc5 Rxe6 37. Bxb4 Rb8 38. Ba5 Rxb2 39. Nxg3 Re3 40. Rf5
Rxg3 41. Rxf6 Rh3+ 42. Kg1 Rxd3 43. Be1 Rd1 44. Kf1 Rbb1 45. Re6 $2 (45. Kf2
Rxe1 46. Rg6+) 45... Kf7 46. Re3 Rxe1+ $1 0-1

[Event "Cappelle op 31st"]
[Site "Cappelle la Grande"]
[Date "2015.03.02"]
[Round "4"]
[White "Gao, Rui"]
[Black "Sandipan, Chanda"]
[Result "1/2-1/2"]
[WhiteElo "2533"]
[BlackElo "2574"]
[Annotator "RR"]
[PlyCount "86"]
[EventDate "2015.02.28"]
[EventType "swiss"]
[EventRounds "9"]
[EventCountry "FRA"]
[SourceTitle "EXT 2016"]
[Source "ChessBase"]
[SourceDate "2015.10.08"]
[SourceVersion "1"]
[SourceVersionDate "2015.10.08"]
[SourceQuality "1"]

1. e4 e5 2. Nf3 Nc6 3. Bb5 g6 4. O-O Bg7 5. c3 a6 6. Ba4 d6 7. d4 Bd7 8. Re1 (
8. d5 Nce7 9. Bxd7+ Qxd7 10. c4 $14 {[%csl Rg7]}) 8... Nf6 9. Nbd2 (9. d5 Ne7
10. Bxd7+ Nxd7 11. Be3 f5 12. Ng5 Nf8 13. exf5 gxf5 14. f4 Qd7 15. c4 e4 16.
Nc3 Rg8 17. Rc1 h6 18. Qh5+ Neg6 19. Ne6 Bxc3 20. Nxf8 Qf7 21. Rxc3 Rxf8 22.
Qxh6 O-O-O 23. Bd4 c5 24. dxc6 bxc6 25. Rg3 Rg8 26. b3 d5 27. cxd5 Rxd5 28. Bc3
Rd3 29. Ree3 Qa7 30. Kf1 Rxe3 31. Rxg6 Rxg6 32. Qh8+ Kb7 33. Bd4 Qb8 34. Qxb8+
Kxb8 35. Bxe3 Kc7 36. h3 Kd6 37. Kf2 c5 38. Bd2 Kd5 {Balogh,C (2660)-Sandipan,
C (2603) Germany 2015 0-1}) 9... O-O 10. Bxc6 Bxc6 11. dxe5 dxe5 12. Nxe5 Bxe4
13. Nxe4 Qxd1 14. Nxf6+ Bxf6 15. Rxd1 Bxe5 16. Be3 Rad8 $146 (16... Rfd8 17.
Kf1 f6 18. Ke2 Kf7 19. Kf3 Ke6 20. Bf4 Rd6 21. Bxe5 fxe5 22. Ke3 Rad8 23. Rxd6+
cxd6 24. f4 Rc8 25. fxe5 dxe5 26. Rd1 b5 27. Rd2 Rf8 28. Rd1 Rc8 29. Rd2 Rf8
30. Rd1 Rc8 {1/2-1/2 (30) Gao,R (2417)-Wen,Y (2549) Beijing 2012}) 17. h3 f5
18. Bg5 Rxd1+ {La partie semble conduire à une nulle rapide} 19. Rxd1 Bd6 20.
Re1 b5 21. Re6 f4 (21... Kf7 22. Rf6+ Kg7 $11) 22. f3 $6 (22. Kf1 Rf5 {[%cal
Gg8f7]}) 22... Rf5 23. Bh4 Kf7 24. Re4 Rd5 25. Kf1 Rd1+ 26. Re1 Rxe1+ 27. Kxe1
Ke6 28. Ke2 Kd5 {Le secondant d'Anand a une finale un peu meilleure mais il
n'est pas facile de progresser.} 29. Kd3 c5 30. b3 c4+ 31. bxc4+ bxc4+ 32. Kc2
Kc6 33. Bf6 Kb5 34. Bd4 a5 (34... Ka4 {[%cal Ga4a3]} 35. Kb1 Ka3) 35. Bf6 a4
36. Kb2 Kc6 37. Bd8 Kd5 38. Ba5 a3+ 39. Kc2 Kc6 40. Bd8 Bc7 41. Be7 Bd6 42. Bd8
Bc7 43. Be7 Bd6 1/2-1/2